1932 1178 1399 1346 1082 1563 1469 1797 1749 1312 1672 1929 1380 1785 1054 1196 1784 1748 1028 1833 1721 1504 1526 1241 1225 1473 1520 1580 1799 1601 1348 1839 1173 1313 1681 1314 1542 1591 1118 1341 1386 1241 1215 1807 1185 1868 1206 1665 1294 1582 1124 1376 1714 1734 1800 1175 1889 1092 1237 1119 1307 1957 1694 1893 1600 1963 1370 1390 1306 1916 1198 1292 1508 1191 1282 1169 1297 1102 1747 1980 1469 1069 1280 1923 1583 1693 1931 1868 1368 1184 1368 1240 1479 1657 1337 1571 1578 1645 1100 BCNSPRNW ULIB Ver.6.0+V

เปลี่ยนเป็นภาษาไทย

Change to English
 แสดงรายละเอียดบรรณานุกรม
  กลับหน้าหลัก

Brief Record : Get Marc (ISO 2709) : E-mail record : QR code < ปิดหน้าต่าง
LEADER : 00000nam 2200000uu 4500
001    13399111192
003     ULIB
008    110620s||||||||th 000 0 tha d
020    9789749223963
020    9749223969
050  4 BF637.I48^bว612บ 2547
100 0  วิธาน ฐานะวุฑฒ์
245 10 บายพาสอารมณ์ /^cวิธาน ฐานะวุฑฒ์
246 34 บายพาสอารมณ์ (How To Be Happy) ฝึกอารมณ์ให้ดีโดยวิธีง่ายๆ
260    กรุงเทพฯ :^bศยาม,^c2547
300    121 หน้า :^bภาพประกอบ ;^c17 ซม.
504    เอกสารอ้างอิงท้ายเล่ม
650  4 ความฉลาดทางอารมณ์
650  4 จิตวิทยาประยุกต์
650  4 สุขภาพจิต
650  4 อารมณ์
945    ^p100^l0^i025790
949    ทศพร
999 ^a ใช้งานได้ทุกระบบ
รายการนี้ยังไม่มีแท็ก
คุณยังไม่ได้ล็อกอิน คุณสามารถมีกิจกรรมร่วมกับเว็บไซต์ได้ แต่ต้องล็อกอินก่อน ::
  ล็อกอิน

รายการสื่อสารสนเทศ

ลำดับที่ ประเภท เลขเรียก/บาร์โค้ด สถานที่ สถานะ
- ไม่พบข้อมูล -

รายการใกล้เคียง
    ผู้แต่ง [วิธาน ฐานะวุฑฒ์]

    หัวเรื่อง [ความฉลาดทางอารมณ์]
    หัวเรื่อง [จิตวิทยาประยุกต์]
    หัวเรื่อง [สุขภาพจิต]
    หัวเรื่อง [อารมณ์]

BibComment


ยังไม่เคยถูกคอมเมนท์

คอมเมนท์ทรัพยากรรายการนี้
  คอมเมนท์: บายพาสอารมณ์ วิธ..


 Copyright 2026. Bcnsprnw @Library